Library Catalog

The Organised mum method : (Record no. 492644)

MARC details
000 -LEADER
fixed length control field 01519nam a22002417a 4500
003 - CONTROL NUMBER IDENTIFIER
control field OSt
005 - DATE AND TIME OF LATEST TRANSACTION
control field 20260511092754.0
008 - FIXED-LENGTH DATA ELEMENTS--GENERAL INFORMATION
fixed length control field 260511b |||||||| |||| 00| 0 eng d
020 ## - INTERNATIONAL STANDARD BOOK NUMBER
International Standard Book Number 9780349422206
040 ## - CATALOGING SOURCE
Original cataloging agency Kenya National Library Service
082 ## - DEWEY DECIMAL CLASSIFICATION NUMBER
Classification number 640 BRA
100 ## - MAIN ENTRY--PERSONAL NAME
Personal name Bray, Gemma
Relator term Author
245 ## - TITLE STATEMENT
Title The Organised mum method :
Remainder of title transform your home in 30 minutes a day /
Statement of responsibility, etc. Gemma Bray.
300 ## - PHYSICAL DESCRIPTION
Extent ix, 244 pages :
Other physical details illustrations,
Dimensions 22 cm.
504 ## - BIBLIOGRAPHY, ETC. NOTE
Bibliography, etc. note Includes index
520 ## - SUMMARY, ETC.
Summary, etc. The Organised Mum Method is THE housekeeping bible that will completely revolutionise your home. Say goodbye to mess, clutter and weekends spent tidying and cleaning! Gemma Bray (a.k.a The Organised Mum) is a firm believer that there is more to life than housework, and over the last decade she has perfected The Organised Mum Method (TOMM)*. TOMM is a structured, manageable and ultra-efficient cleaning routine that ensures all areas of the home are taken care of, as well as time-saving recipes that can be prepared in seconds. It's easy to follow, effective and ensures that everything gets done in just 30 minutes a day, Monday to Friday...and you get weekends off! As well as handy housekeeping hacks, Gemma shares her super speedy recipes that will focus on delicious slow-cooked dishes that can be prepared in a flash.
650 ## - SUBJECT ADDED ENTRY--TOPICAL TERM
Topical term or geographic name entry element Home economics.
650 ## - SUBJECT ADDED ENTRY--TOPICAL TERM
Topical term or geographic name entry element Family management .
650 ## - SUBJECT ADDED ENTRY--TOPICAL TERM
Topical term or geographic name entry element Motherhood.
942 ## - ADDED ENTRY ELEMENTS (KOHA)
Source of classification or shelving scheme Dewey Decimal Classification
Koha item type Books
Suppress in OPAC No
Holdings
Withdrawn status Source of classification or shelving scheme Damaged status Not for loan Home library Current library Date acquired Source of acquisition Cost, normal purchase price Total checkouts Full call number Barcode Date last seen Price effective from Koha item type
  Dewey Decimal Classification     Nakuru Library Acquisition, Cataloguing, Classification and Distribution Development 05/11/2026 BAI 1499.00   640 BRA B228639 05/11/2026 05/11/2026 Books

© 2025, Kenya National Library Service | Designed & Maintained by Uvumbuzi Center